Americká společnost pro jakost American Society for Quality Control
ASQC - American Society for Quality Control - charakteristika spoločnosti, hlavné oblasti činnosti. Národná cena Malcolma Baldrige za akosť (MBNQA). Zásady pre udelenie ceny. Základné predpoklady pre udelenie ceny v r. 1996. Kritériá ceny. Zmeny kritérií v r. 1996 oproti predchádzajúcim ročníkom.
Enregistré dans:
| Auteur principal: | |
|---|---|
| Format: | Chapitre de livre |
| Langue: | tchèque |
| Sujets: | |
| Tags: |
Pas de tags, Soyez le premier à ajouter un tag!
|
MARC
| LEADER | 00000naa a2200000 4500 | ||
|---|---|---|---|
| 001 | r022976 | ||
| 005 | 20230525070330.5 | ||
| 041 | 0 | |a cze | |
| 044 | |a CZ | ||
| 245 | 1 | 0 | |a Americká společnost pro jakost |b American Society for Quality Control |c P. Ryšánek |
| 520 | |a ASQC - American Society for Quality Control - charakteristika spoločnosti, hlavné oblasti činnosti. Národná cena Malcolma Baldrige za akosť (MBNQA). Zásady pre udelenie ceny. Základné predpoklady pre udelenie ceny v r. 1996. Kritériá ceny. Zmeny kritérií v r. 1996 oproti predchádzajúcim ročníkom. | ||
| 610 | 2 | 0 | |a American Society for Quality Control |
| 610 | 2 | 0 | |a kvalita |
| 610 | 2 | 0 | |a kontrola kvality |
| 610 | 2 | 0 | |a Baldrigeova cena |
| 610 | 2 | 0 | |a USA |
| 610 | 2 | 0 | |a 1996 |
| 100 | 1 | |a Ryšánek, P. | |